គិរីលួងប្អូន / (Record no. 1192)
[ view plain ]
| 000 -LEADER | |
|---|---|
| fixed length control field | 01631nam a22002897a 4500 |
| 005 - DATE AND TIME OF LATEST TRANSACTION | |
| control field | 20230808085503.0 |
| 020 ## - INTERNATIONAL STANDARD BOOK NUMBER | |
| International Standard Book Number | 9789924341611 |
| 040 ## - CATALOGING SOURCE | |
| Original cataloging agency | FISKH |
| Language of cataloging | eng |
| Transcribing agency | FISKH |
| Modifying agency | FISKH |
| 082 ## - DEWEY DECIMAL CLASSIFICATION NUMBER | |
| Classification number | 306.875 |
| 100 ## - MAIN ENTRY--PERSONAL NAME | |
| Personal name | Sovanrothna, Shin |
| 245 ## - TITLE STATEMENT | |
| Title | គិរីលួងប្អូន / |
| 250 ## - EDITION STATEMENT | |
| Edition statement | គ្រឹះស្ថានបោះពុម្ពផ្សាយ Sipar មិថុនា ២០២២ |
| 260 ## - PUBLICATION, DISTRIBUTION, ETC. | |
| Place of publication, distribution, etc. | Phnom Penh : |
| Name of publisher, distributor, etc. | Sipar, |
| Date of publication, distribution, etc. | 2022. |
| 300 ## - PHYSICAL DESCRIPTION | |
| Extent | 24 pages : |
| Other physical details | color illustrations ; |
| Dimensions | 22 cm |
| 490 ## - SERIES STATEMENT | |
| Series statement | ខ្ញុំចេះអាន |
| 505 ## - FORMATTED CONTENTS NOTE | |
| Formatted contents note | F <br/> |
| 520 ## - SUMMARY, ETC. | |
| Summary, etc. | គិរីនៅតែពីរនាក់ប្អូន ពេលប្អូនភ្ញាក់គេមិនដឹងលួងប្អូនដោយរបៀបណាទេ។ មិត្តរបស់គិរីពីរនាក់បានមកលេង ហើយពួកគេទាំងបីក៏បានព្យាយាមរកមធ្យោបាយយ៉ាងណាដើម្បីលួងប្អូនអោយបាត់យំ។ |
| 520 ## - SUMMARY, ETC. | |
| Summary, etc. | Kiri is alone with his little sister. When she wakes up, he doesn't know how to comfort her. Two of Kiri's friends came to visit, and the three of them tried to find a way to comfort her. |
| 521 ## - TARGET AUDIENCE NOTE | |
| Target audience note | 300 <br/> |
| Source | Lexile estimate <br/> |
| 521 ## - TARGET AUDIENCE NOTE | |
| Target audience note | F <br/> |
| Source | Raz-Plus <br/> |
| 650 ## - SUBJECT ADDED ENTRY--TOPICAL TERM | |
| Topical term or geographic name entry element | កូនង៉ា |
| Form subdivision | មិត្តភក្តិ |
| General subdivision | រកមធ្យោបាយ |
| 650 ## - SUBJECT ADDED ENTRY--TOPICAL TERM | |
| Topical term or geographic name entry element | little baby |
| Form subdivision | Friend |
| General subdivision | Find way |
| 700 ## - ADDED ENTRY--PERSONAL NAME | |
| Personal name | Rotha, Ouk |
| Titles and other words associated with a name | illustrator |
| 942 ## - ADDED ENTRY ELEMENTS (KOHA) | |
| Source of classification or shelving scheme | Dewey Decimal Classification |
| Koha item type | Books |
| Suppress in OPAC | No |
| 999 ## - | |
| -- | 1192 |
| -- | 1192 |
| Withdrawn status | Lost status | Source of classification or shelving scheme | Damaged status | Not for loan | Collection | Home library | Current library | Shelving location | Date acquired | Total Checkouts | Full call number | Barcode | Date last seen | Date last checked out | Copy number | Price effective from | Koha item type |
|---|---|---|---|---|---|---|---|---|---|---|---|---|---|---|---|---|---|
| Dewey Decimal Classification | Khmer Language Books / សៀវភៅភាសាខ្មែរ | Footprints International School Library Network Toul Kork Campus | Footprints International School Library Network Toul Kork Campus | TK Campus, Room B402, Khmer Book Case 16, Shelves 112-123 / ទូរសៀវភៅខ្មែរលេខ ១៦ ធ្នើរ ១១២ ដល់ ១២៣ បន្ទប់ B402 សាខាទួលគោក | 08/08/2023 | 2 | SOV 306.875 | 2023-0201 | 06/09/2025 | 12/03/2024 | 1 | 08/08/2023 | Books | ||||
| Dewey Decimal Classification | Khmer Language Books / សៀវភៅភាសាខ្មែរ | Footprints International School Library Network Toul Kork Campus | Footprints International School Library Network Toul Kork Campus | TK Campus, Room B402, Khmer Book Case 16, Shelves 112-123 / ទូរសៀវភៅខ្មែរលេខ ១៦ ធ្នើរ ១១២ ដល់ ១២៣ បន្ទប់ B402 សាខាទួលគោក | 08/08/2023 | 3 | SOV 306.875 | 2023-0202 | 08/29/2025 | 08/07/2025 | 2 | 08/08/2023 | Books |
